Основы клинической ревматологии (Запись № 11179717)

Подробности
000 -МАРКЕР
контрольное поле 01999nam0a2200361 4500
001 - ИДЕНТИФИКАТОР ЗАПИСИ
контрольное поле RU\NLR\BIBL_A\011956640
005 - ИДЕНТИФИКАТОР ВЕРСИИ
контрольное поле 20190326143156.0
010 ## - МЕЖДУНАРОДНЫЙ СТАНДАРТНЫЙ НОМЕР КНИГИ (ISBN)
Номер (ISBN) 978-5-16-014620-1
Тираж 500
021 ## - НОМЕР ГОСУДАРСТВЕННОЙ РЕГИСТРАЦИИ
Код страны Российская Федерация
Номер КН-П-19-008579
Номер Листа государственной регистраци КН-П-19-0637
035 ## - ДРУГИЕ СИСТЕМНЫЕ НОМЕРА
Идентификатор записи (NLR Aleph) 011956640
035 ## - ДРУГИЕ СИСТЕМНЫЕ НОМЕРА
Идентификатор записи (RuMoRGB)009891206
100 ## - ДАННЫЕ ОБЩЕЙ ОБРАБОТКИ
Данные общей обработки 20190311d2019 u y0rusy50 ca
101 0# - ЯЗЫК РЕСУРСА
Язык текста, звукозаписи и т.д. русский
102 ## - СТРАНА ПУБЛИКАЦИИ ИЛИ ПРОИЗВОДСТВА
Страна публикации Российская Федерация
105 ## - ПОЛЕ КОДИРОВАННЫХ ДАННЫХ: ТЕКСТОВЫЕ МАТЕРИАЛЫ, МОНОГРАФИЧЕСКИЕ
Кодированные данные о монографическом текстовом документе a z 010zy
200 1# - ЗАГЛАВИЕ И СВЕДЕНИЯ ОБ ОТВЕТСТВЕННОСТИ
Основное заглавие Основы клинической ревматологии
Сведения, относящиеся к заглавию учебное пособие для студентов высших учебных заведений, обучающихся по направлению подготовки 31.05.01 "Лечебное дело" (квалификация "врач общей практики")
Первые сведения об ответственности В. Г. Лычев, И. Е. Бабушкин, А. В. Андриенко
Последующие сведения об ответственности под редакцией заслуженного работника высшей школы РФ, профессора В. Г. Лычева
210 ## - ПУБЛИКАЦИЯ, РАСПРОСТРАНЕНИЕ И ДР.
Место издания, распространения и т.д. Москва
Имя издателя, распространителя и т. д. ИНФРА-М
Дата издания, распространения и т.д. 2019
215 ## - ФИЗИЧЕСКАЯ ХАРАКТЕРИСТИКА
Специфическое обозначение материала и объем 196 с.
Другие сведения о физической характеристике табл.
Размеры 22
225 1# - СЕРИЯ
Основное заглавие серии Специалитет
225 1# - СЕРИЯ
Основное заглавие серии Высшее образование - Специалитет
300 ## - ОБЩИЕ ПРИМЕЧАНИЯ
Текст примечания На тит.л. и обл.: Алтайский Государственный Медицинский Университет. 65 лет
320 ## - ПРИМЕЧАНИЯ О НАЛИЧИИ В ДОКУМЕНТЕ БИБЛИОГРАФИИ / УКАЗАТЕЛЯ
Текст примечания Библиогр.: с. 194-196 (44 назв.)
606 1# - НАИМЕНОВАНИЕ ТЕМЫ КАК ПРЕДМЕТ
Наименование темы Клиническая ревматология
Формальный подзаголовок Учебные издания для высших учебных заведений
Системный номер авторитетной/нормативной записи 1656061
Идентификатор авторитетной/нормативной записи RU\NLR\AUTH\66733293
686 1# - ИНДЕКСЫ ДРУГИХ КЛАССИФИКАЦИЙ
Индекс Р55я73
700 #1 - ИМЯ ЛИЦА - ПЕРВИЧНАЯ ОТВЕТСТВЕННОСТЬ
Начальный элемент ввода Лычев
Часть имени, кроме начального элемента ввода В. Г.
Расширение инициалов личного имени Валерий Германович
701 #1 - ИМЯ ЛИЦА - АЛЬТЕРНАТИВНАЯ ОТВЕТСТВЕННОСТЬ
Начальный элемент ввода Бабушкин
Часть имени, кроме начального элемента ввода И. Е.
Расширение инициалов личного имени Игорь Евгеньевич
701 #1 - ИМЯ ЛИЦА - АЛЬТЕРНАТИВНАЯ ОТВЕТСТВЕННОСТЬ
Начальный элемент ввода Андриенко
Часть имени, кроме начального элемента ввода А. В.
Расширение инициалов личного имени Алексей Владимирович
942 ## - ДОПОЛНИТЕЛЬНЫЕ ЭЛЕМЕНТЫ ЗАПИСИ (АБИС)
Тип экземпляра АБИС Книга
980 ## - КОЛЛЕКЦИЯ
Название коллекции НБР
980 ## - КОЛЛЕКЦИЯ
Название коллекции Национальная библиография

Нет доступных экземпляров.